000 00569 a2200169 4500
999 _c8096
_d8096
010 _aENG-88288
020 _c125.00
_a818629998X
035 _aEN-71821
037 _bDBAD / PUB
082 1 4 _a370.1
100 _aGoswami, M.K.
245 1 _aEducational thoughts & essays:
_cby M.K. Goswami
_ba textbook for T.D.C. IIIrd year-major students/
260 _aNew Delhi
_bAsian Books
_c2006
270 _a7/28, Mahavir Lane, Vardan House, Ansari Road, Darya Ganj
_bNew Delhi
_e110 002
300 _a190p.
_c22cm ( pbk)
942 _adpl
_cEN
_2ddc
_h370.1
_mGOS